Nezaspíme na vavrínoch

Folklórny súbor Ekonóm pri Ekonomickej univerzite v Bratislave - jeho história a súčasnosť. Pri príležitosti 65 -tich rokov vysokoškolského ekonomického vzdelávania na Slovensku.

Salvato in:
Dettagli Bibliografici
Autore principale: Vanková, Soňa
Natura: Capitolo di libro
Lingua:slovacco
Soggetti:
Tags: Aggiungi Tag
Nessun Tag, puoi essere il primo ad aggiungerne!!

MARC

LEADER 00000naa$a2200000$$$4500
001 0039874
005 20230622114527.4
041 0 |a slo 
044 |a SK 
245 1 0 |a Nezaspíme na vavrínoch  |c Soňa Vanková 
520 |a Folklórny súbor Ekonóm pri Ekonomickej univerzite v Bratislave - jeho história a súčasnosť. Pri príležitosti 65 -tich rokov vysokoškolského ekonomického vzdelávania na Slovensku. 
610 2 0 |a kultúra 
610 2 0 |a história 
610 2 0 |a Ekonomická univerzita v Bratislave 
100 1 |a Vanková, Soňa